Fundamentals of reflexology: (Record no. 163154)

MARC details
000 -LEADER
fixed length control field 00512nam a22001697a 4500
005 - DATE AND TIME OF LATEST TRANSACTION
control field 20190329143002.0
010 ## - LCCN (DPL NO)
LC control number B-100029
020 ## - INTERNATIONAL STANDARD BOOK NUMBER
International Standard Book Number 8178220954
Terms of availability 225.00
035 ## - SYSTEM CONTROL NUMBER
System control number B-100029
037 ## - SOURCE OF ACQUISITION
Source of stock number/acquisition New Age Books
082 ## - DEWEY DECIMAL CLASSIFICATION NUMBER
Classification number 615.822
100 ## - MAIN ENTRY--PERSONAL NAME
Personal name Vennells, David F.
245 ## - TITLE STATEMENT
Title Fundamentals of reflexology:
Remainder of title the value of foot massage and pressure points /
Statement of responsibility, etc David F. Vennells
260 ## - PUBLICATION, DISTRIBUTION, ETC. (IMPRINT)
Place of publication, distribution, etc New Delhi
Name of publisher, distributor, etc New Age books
Date of publication, distribution, etc 2003
300 ## - PHYSICAL DESCRIPTION
Extent 232p.
Dimensions 22cm(pbk)
942 ## - ADDED ENTRY ELEMENTS (KOHA)
Source of classification or shelving scheme Dewey Decimal Classification
Item type English Books
Classification part 615.822
Call number suffix VEN
Holdings
Withdrawn status Lost status Not for loan Collection code Home library Current library Date acquired Full call number Barcode Koha item type
      Non-fiction Sarojini Nagar Sarojini Nagar 29/03/2019 615.822 VEN B-100029 English Books

© Delhi Public Library
Hit Counter
free hit counter